[Event "Lliga Catalana DH"]
[Site "?"]
[Date "2018.02.17"]
[Round "5.6"]
[White "Martinez Pla, Xavier"]
[Black "Garrido Fernandez, Daniel"]
[Result "1/2-1/2"]
[WhiteElo "2320"]
[BlackElo "2304"]
[PlyCount "43"]
[EventDate "2018.??.??"]
[WhiteTeam "TPE"]
[BlackTeam "FOM"]

1. e4 c5 2. Nf3 Nc6 3. Bb5 g6 4. O-O Bg7 5. c3 a6 6. Ba4 b5 7. Bb3 c4 8. Bc2 d5
9. d4 cxd3 10. Qxd3 Nf6 11. exd5 Qxd5 12. Qxd5 Nxd5 13. Be4 e6 14. Rd1 Nce7 15.
Nbd2 O-O 16. Nb3 Ra7 17. Nfd4 Rc7 18. a4 b4 19. cxb4 Nxb4 20. Bd2 Ned5 21. Rac1
Rxc1 22. Bxc1 1/2-1/2

[Event "Lliga Catalana DH"]
[Site "?"]
[Date "2018.02.17"]
[Round "5.7"]
[White "Llaneza Vega, Patricia"]
[Black "Gonzalez Verges, Alex"]
[Result "0-1"]
[WhiteElo "2298"]
[BlackElo "2312"]
[PlyCount "52"]
[EventDate "2018.??.??"]
[WhiteTeam "FOM"]
[BlackTeam "TPE"]

1. e4 c5 2. Nf3 d6 3. d4 cxd4 4. Nxd4 a6 5. Nc3 Nf6 6. Be3 e6 7. g4 h6 8. Bg2
e5 9. Nf5 g6 10. Qe2 Bd7 11. O-O-O gxf5 12. exf5 Bc6 13. f4 Nbd7 14. g5 hxg5
15. fxg5 Nh5 16. Nd5 Qa5 17. Bf3 O-O-O 18. Kb1 Ng7 19. Bd2 Qa4 20. b3 Qh4 21.
Ba5 Nxf5 22. Nb6+ Nxb6 23. Bxb6 Bxf3 24. Qxe5 Bxh1 25. Qxf5+ Rd7 26. Rxh1 Bg7
0-1

[Event "Lliga Catalana DH"]
[Site "?"]
[Date "2018.02.17"]
[Round "5.8"]
[White "Gallart Zafra, Jaume"]
[Black "Chalmeta Ugas, Jordi"]
[Result "0-1"]
[WhiteElo "2298"]
[BlackElo "2293"]
[PlyCount "68"]
[EventDate "2018.??.??"]
[WhiteTeam "TPE"]
[BlackTeam "FOM"]

1. e4 e6 2. d4 d5 3. Nd2 Nc6 4. Ngf3 Nf6 5. Bd3 Nb4 6. Be2 dxe4 7. Ng5 Qxd4 8.
O-O Nbd5 9. c3 Qc5 10. Nc4 Bd6 11. b4 Qc6 12. Qc2 O-O 13. b5 Qd7 14. Nxd6 cxd6
15. c4 Qc7 16. Bd2 Ne7 17. Nxe4 Nxe4 18. Qxe4 e5 19. Rad1 Bf5 20. Qf3 Be6 21.
Bb4 Nf5 22. Qa3 Rfd8 23. Bd3 Nd4 24. c5 dxc5 25. Bxc5 b6 26. Be7 Rd7 27. Rc1
Qb7 28. f3 Bd5 29. Bh4 f6 30. Rf2 Rc8 31. Rxc8+ Qxc8 32. f4 e4 33. Bf1 Qc5 34.
Qh3 Re7 0-1

[Event "Lliga Catalana DH"]
[Site "?"]
[Date "2018.02.17"]
[Round "5.9"]
[White "Yepes Martinez, Eduard"]
[Black "Leiro Giralt, Daniel"]
[Result "0-1"]
[WhiteElo "2287"]
[BlackElo "2285"]
[PlyCount "76"]
[EventDate "2018.??.??"]
[WhiteTeam "FOM"]
[BlackTeam "TPE"]

1. d4 d5 2. Bg5 c6 3. Nf3 Qb6 4. Qc1 Bf5 5. e3 e6 6. c4 Bxb1 7. Rxb1 Qa5+ 8.
Nd2 dxc4 9. Bf4 b5 10. Be2 Bb4 11. e4 Nf6 12. O-O O-O 13. Bf3 Nbd7 14. a3 Be7
15. Re1 Rad8 16. d5 cxd5 17. exd5 Nc5 18. b4 cxb3 19. Nxb3 Nxb3 20. Rxb3 Nxd5
21. Bd2 Qb6 22. Be4 Bc5 23. Qb1 f5 24. Rxb5 Bxf2+ 25. Kh1 Qd4 26. Bxd5 Rxd5 27.
Rxd5 Qxd5 28. Re2 Bd4 29. Bb4 Rd8 30. h3 f4 31. Qd3 Be3 32. Qa6 Qd3 33. Qxe6+
Kh8 34. Qg4 Qd1+ 35. Be1 Bf2 36. Kh2 Bxe1 37. Re8+ Rxe8 38. Qxd1 Bg3+ 0-1

[Event "Lliga Catalana DH"]
[Site "?"]
[Date "2018.02.17"]
[Round "5.10"]
[White "Moll, Arne"]
[Black "Lopez Santana, Oscar"]
[Result "1/2-1/2"]
[WhiteElo "2221"]
[BlackElo "2221"]
[PlyCount "83"]
[EventDate "2018.??.??"]
[WhiteTeam "TPE"]
[BlackTeam "FOM"]

1. e4 e6 2. Qe2 e5 3. f4 exf4 4. d4 Qh4+ 5. Qf2 Qxf2+ 6. Kxf2 Nf6 7. Nc3 Bb4 8.
Nd5 Nxd5 9. exd5 Be7 10. Bxf4 d6 11. Re1 Bf5 12. Nf3 Nd7 13. c4 Kd8 14. h3 h6
15. g4 Bh7 16. Ke3 Re8 17. Kd2 Nf6 18. Bd3 Bxd3 19. Kxd3 Kd7 20. Bd2 Nh7 21.
Ref1 Rf8 22. h4 Rae8 23. Ne1 Bd8 24. Bc1 Nf6 25. g5 Ng4 26. gxh6 gxh6 27. Rf5
f6 28. Nc2 Rg8 29. Re1 Rxe1 30. Nxe1 Ke7 31. Nc2 Kf7 32. h5 Be7 33. Ne3 Nxe3
34. Bxe3 Bf8 35. a4 Rg2 36. b3 Rb2 37. Kc3 Re2 38. Kd3 Rb2 39. Kc3 Re2 40. Bd2
Rh2 41. Kd3 Rg2 42. Be3 1/2-1/2

[Event "Lliga Catalana DH"]
[Site "?"]
[Date "2018.02.17"]
[Round "5.1"]
[White "Alonso Rosell, Alvar"]
[Black "Herraiz Hidalgo, Hermino"]
[Result "1-0"]
[WhiteElo "2532"]
[BlackElo "2483"]
[PlyCount "73"]
[EventDate "2018.??.??"]
[WhiteTeam "GER"]
[BlackTeam "CAT"]

1. d4 Nf6 2. Nf3 e6 3. g3 d5 4. Bg2 b5 5. O-O Bb7 6. c3 c5 7. a4 b4 8. a5 a6 9.
Ne5 Nfd7 10. Qa4 Bd6 11. f4 O-O 12. Be3 bxc3 13. bxc3 Nxe5 14. dxe5 Be7 15. Nd2
Bc6 16. Qa2 d4 17. cxd4 cxd4 18. Bf2 Bxg2 19. Kxg2 Nc6 20. Rfc1 Nb4 21. Qb3 Rb8
22. Nf3 Rb5 23. Nxd4 Rxa5 24. Rxa5 Qxa5 25. Nxe6 Re8 26. Nd4 Qa2 27. Qxa2 Nxa2
28. Rc7 Nb4 29. Nf5 Bf8 30. Ra7 f6 31. exf6 gxf6 32. Kf3 Rc8 33. Bd4 Rc6 34.
Ne3 Bc5 35. Bxc5 Rxc5 36. Ng4 f5 37. Nf6+ 1-0

[Event "Lliga Catalana DH"]
[Site "?"]
[Date "2018.02.17"]
[Round "5.2"]
[White "Canal Oliveras, Joan"]
[Black "Prie, Eric"]
[Result "0-1"]
[WhiteElo "2317"]
[BlackElo "2467"]
[PlyCount "62"]
[EventDate "2018.??.??"]
[WhiteTeam "CAT"]
[BlackTeam "GER"]

1. d4 Nf6 2. Bg5 d5 3. e3 c5 4. Nf3 Nc6 5. c3 Ne4 6. Bf4 Qb6 7. Qb3 c4 8. Qxb6
axb6 9. Nbd2 Bf5 10. Nxe4 Bxe4 11. Nd2 Bg6 12. e4 e6 13. exd5 exd5 14. Be2 Kd7
15. Bf3 Bd6 16. Bxd6 Kxd6 17. Nf1 Ra5 18. Ne3 Rb5 19. O-O Ne7 20. b4 cxb3 21.
axb3 Rxb3 22. Ra7 Rb8 23. Rc1 b5 24. g3 Bd3 25. Kg2 f5 26. Bd1 Rb2 27. Bc2 Be4+
28. f3 Bxc2 29. Rxc2 Rb3 30. Kf2 g6 31. Ke2 Nc6 0-1

[Event "Lliga Catalana DH"]
[Site "?"]
[Date "2018.02.17"]
[Round "5.3"]
[White "Valle Maytin, Luis Enrique"]
[Black "Amigo Vilalta, Jordi"]
[Result "1-0"]
[WhiteElo "2363"]
[BlackElo "2322"]
[PlyCount "101"]
[EventDate "2018.??.??"]
[WhiteTeam "GER"]
[BlackTeam "CAT"]

1. d4 Nf6 2. Nf3 e6 3. g3 b6 4. Bg2 Bb7 5. O-O Be7 6. c4 O-O 7. Nc3 Ne4 8. Qc2
Nxc3 9. Qxc3 d6 10. b3 c5 11. Bb2 Bf6 12. Qc2 Nc6 13. Rad1 Qe7 14. e3 Rfd8 15.
Qb1 d5 16. cxd5 exd5 17. dxc5 bxc5 18. Bxf6 Qxf6 19. Rc1 Ba6 20. Rfe1 Nb4 21.
Rcd1 Rab8 22. a3 Nc6 23. Qc2 c4 24. b4 Bc8 25. Nd4 Ne5 26. Rd2 Bg4 27. h3 Nd3
28. Rxd3 cxd3 29. Qxd3 Bh5 30. f4 a5 31. b5 Qg6 32. Qxg6 Bxg6 33. Nc6 Re8 34.
Nxb8 Rxb8 35. Bxd5 Rxb5 36. e4 Kf8 37. Kf2 f5 38. exf5 Bxf5 39. Bg2 a4 40. g4
Bd3 41. Be4 Rb2+ 42. Ke3 Bc4 43. Kd4 Bb3 44. Bxh7 Kf7 45. Be4 Ra2 46. Re3 Rxa3
47. Bd5+ Kf8 48. f5 g6 49. fxg6 Kg7 50. Ke5 Kxg6 51. Kf4 1-0

[Event "Lliga Catalana DH"]
[Site "?"]
[Date "2018.02.17"]
[Round "5.4"]
[White "Dalo, Hermes"]
[Black "Molina Carretero, Daniel"]
[Result "1/2-1/2"]
[WhiteElo "2304"]
[BlackElo "2329"]
[PlyCount "73"]
[EventDate "2018.??.??"]
[WhiteTeam "CAT"]
[BlackTeam "GER"]

1. d4 Nf6 2. Nf3 e6 3. c4 b6 4. a3 Bb7 5. Nc3 Be7 6. e3 O-O 7. Bd3 d5 8. O-O
Nbd7 9. Qe2 dxc4 10. Bxc4 c5 11. Rd1 cxd4 12. exd4 Rc8 13. Bb5 Nd5 14. Nxd5
Bxd5 15. Bf4 Nb8 16. Rac1 Rxc1 17. Bxc1 Nc6 18. Ne5 Nxe5 19. dxe5 Qa8 20. f3
Rc8 21. Be3 Rc7 22. Qd3 h5 23. Rc1 Qc8 24. Rxc7 Qxc7 25. f4 Bc5 26. b4 Bxe3+
27. Qxe3 Qc2 28. Bf1 g6 29. Qd3 Qc1 30. f5 gxf5 31. Qg3+ Kf8 32. Qh4 Qe3+ 33.
Kh1 Qc1 34. Kg1 Qe3+ 35. Kh1 Ke8 36. Bb5+ Kf8 37. Bf1 1/2-1/2

[Event "Lliga Catalana DH"]
[Site "?"]
[Date "2018.02.17"]
[Round "5.5"]
[White "Mundet Riera, Jaume"]
[Black "Ballesteros Collazos, Sergi"]
[Result "1/2-1/2"]
[WhiteElo "2271"]
[BlackElo "2319"]
[PlyCount "170"]
[EventDate "2018.??.??"]
[WhiteTeam "GER"]
[BlackTeam "CAT"]

1. d4 Nf6 2. Nf3 g6 3. g3 Bg7 4. Bg2 O-O 5. O-O d6 6. c4 c6 7. Nc3 Qa5 8. h3 e5
9. dxe5 dxe5 10. Qa4 Qc7 11. e4 Nbd7 12. Qc2 Nc5 13. b3 Rd8 14. Be3 Qe7 15.
Rad1 Rxd1 16. Rxd1 Nfd7 17. Bc1 Ne6 18. Ne2 Ndc5 19. Bb2 f6 20. Ne1 Bd7 21. Ba3
Bf8 22. Nd3 Qf7 23. Nxc5 Bxc5 24. Bxc5 Nxc5 25. Kh2 Re8 26. b4 Na6 27. a3 Be6
28. Rc1 Rd8 29. f4 Qd7 30. fxe5 fxe5 31. Qc3 Qd2 32. Qxe5 Bf7 33. Qf6 Rd3 34.
Rf1 Rd7 35. Ng1 Qd6 36. Qxd6 Rxd6 37. c5 Rd3 38. Rf3 Rd2 39. Re3 Nc7 40. Nf3
Rd1 41. g4 Nb5 42. a4 Nc7 43. Re1 Rxe1 44. Nxe1 Na6 45. Nd3 Bc4 46. Ne5 Bb3 47.
b5 cxb5 48. axb5 Nxc5 49. Kg3 Ba4 50. b6 axb6 51. Kf4 Kf8 52. h4 Ke7 53. g5 Bd1
54. Bf1 Bb3 55. Ng4 Nd7 56. Ke3 Be6 57. Nf2 Ne5 58. Be2 Kd6 59. Kd4 Nc6+ 60.
Ke3 Kc5 61. Nd3+ Kd6 62. Nf4 Bf7 63. h5 gxh5 64. Nxh5 Ne7 65. Nf6 Bg6 66. Kf4
Nc6 67. Bh5 b5 68. Be2 b4 69. Bc4 Nd4 70. Ke3 Ne6 71. Bxe6 Kxe6 72. Kd4 b3 73.
Nd5 Bh5 74. Nf4+ Kf7 75. Kc3 Bd1 76. Kb2 Bc2 77. e5 Ke7 78. Kc3 Kd7 79. Kb2 Kc6
80. Kc3 Kc5 81. Kb2 b6 82. Kc3 b5 83. Kb2 b4 84. Kc1 Bf5 85. Kb2 Bc2 1/2-1/2

[Event "Lliga Catalana DH"]
[Site "?"]
[Date "2018.02.17"]
[Round "5.6"]
[White "Martin Grillo, Ruben"]
[Black "Gonzalez Vericat, Sergi"]
[Result "1/2-1/2"]
[WhiteElo "2306"]
[BlackElo "2257"]
[PlyCount "131"]
[EventDate "2018.??.??"]
[WhiteTeam "CAT"]
[BlackTeam "GER"]

1. Nf3 f5 2. g3 Nf6 3. Bg2 g6 4. O-O Bg7 5. c4 d6 6. Nc3 O-O 7. d3 e5 8. Rb1 a5
9. a3 h6 10. b4 axb4 11. axb4 Nc6 12. b5 Ne7 13. Ne1 c6 14. Qb3 Be6 15. Nc2 Kh7
16. Ba3 Ne8 17. Ra1 Nc7 18. Bb2 d5 19. Rxa8 Nxa8 20. cxd5 Nxd5 21. Nxd5 Bxd5
22. Bxd5 Qxd5 23. Qxd5 cxd5 24. f4 Rc8 25. Nb4 exf4 26. Bxg7 Kxg7 27. Rxf4 Rc5
28. Rd4 Nb6 29. e4 dxe4 30. dxe4 fxe4 31. Rxe4 Rxb5 32. Nd3 Nd5 33. Nf4 Nxf4
34. Rxf4 Rf5 35. Rc4 Rf7 36. Rc8 Kf6 37. Kf2 Ke6+ 38. Ke3 Kd7 39. Rg8 Rf6 40.
h4 Kc6 41. g4 b5 42. h5 gxh5 43. gxh5 Kd5 44. Rg4 Rf5 45. Rh4 Kc5 46. Kd3 Rf3+
47. Kc2 b4 48. Kb2 Kb5 49. Rh2 Ka4 50. Ka2 Kb5 51. Kb2 Kc5 52. Rh4 Rg3 53. Kc2
Rc3+ 54. Kb2 Rc4 55. Rh3 Kd5 56. Kb3 Re4 57. Rf3 Ke5 58. Rf8 Rh4 59. Rb8 Kf5
60. Rxb4 Rxb4+ 61. Kxb4 Kg5 62. Kc3 Kxh5 63. Kd3 Kg4 64. Ke2 Kg3 65. Kf1 Kh2
66. Kf2 1/2-1/2

[Event "Lliga Catalana DH"]
[Site "?"]
[Date "2018.02.17"]
[Round "5.7"]
[White "Salagran Ferragut, Guillem"]
[Black "Vera Pons, Felipe"]
[Result "1/2-1/2"]
[WhiteElo "2262"]
[BlackElo "2298"]
[PlyCount "124"]
[EventDate "2018.??.??"]
[WhiteTeam "GER"]
[BlackTeam "CAT"]

1. e4 g6 2. d4 Bg7 3. Nc3 d6 4. Be3 a6 5. a4 Nc6 6. h3 Nf6 7. Nf3 O-O 8. Be2 e5
9. O-O exd4 10. Nxd4 Re8 11. Nxc6 bxc6 12. Bf3 Nd7 13. Qc1 Ne5 14. Be2 Be6 15.
Bh6 Nc4 16. Bxg7 Kxg7 17. b3 Qf6 18. Nd1 Nd2 19. Re1 Nxe4 20. Bf3 d5 21. Bxe4
Bf5 22. Ne3 Rxe4 23. Nxf5+ Qxf5 24. Qd2 Rae8 25. Rxe4 Qxe4 26. Rf1 d4 27. Rd1
Rd8 28. Re1 Qd5 29. Qd3 a5 30. Re7 Qg5 31. Re1 Qc5 32. Rd1 Rd6 33. Kf1 Qd5 34.
Re1 Re6 35. Rd1 Rd6 36. Re1 Re6 37. Rd1 c5 38. Qb5 Qe4 39. Qc4 h5 40. Kg1 Qe2
41. Qxe2 Rxe2 42. Rc1 Kf6 43. Kf1 Re4 44. Rd1 Ke5 45. Rd3 h4 46. Rd1 f5 47. Rc1
g5 48. Rd1 g4 49. hxg4 fxg4 50. Rd3 Kf4 51. g3+ Kg5 52. gxh4+ Kxh4 53. Rg3 Kg5
54. Rg2 Kf4 55. Rh2 d3 56. cxd3 Rb4 57. Rh5 Rxb3 58. Rxc5 Rxd3 59. Rxa5 Ra3 60.
Rc5 Ra1+ 61. Kg2 Rxa4 62. Rxc7 Ra2 1/2-1/2

[Event "Lliga Catalana DH"]
[Site "?"]
[Date "2018.02.17"]
[Round "5.8"]
[White "Saez Coma, Alejandro"]
[Black "Guso Llorca, Jordi"]
[Result "1-0"]
[WhiteElo "2218"]
[BlackElo "2249"]
[PlyCount "51"]
[EventDate "2018.??.??"]
[WhiteTeam "CAT"]
[BlackTeam "GER"]

1. d4 Nf6 2. Nf3 g6 3. Bf4 Bg7 4. Nc3 d6 5. Qd2 h6 6. e4 g5 7. Be3 Ng4 8. O-O-O
Nxe3 9. Qxe3 c6 10. h4 g4 11. Nd2 Nd7 12. f3 Nf6 13. e5 dxe5 14. dxe5 Nd5 15.
Nxd5 cxd5 16. fxg4 Bxg4 17. Qg3 Qc8 18. Bb5+ Kf8 19. Nf3 Bxf3 20. Qxf3 e6 21.
Rhf1 Qc7 22. Qh5 Kg8 23. Rde1 Rf8 24. Bd3 a6 25. Re3 b5 26. Qg4 1-0

[Event "Lliga Catalana DH"]
[Site "?"]
[Date "2018.02.17"]
[Round "5.9"]
[White "Carrasco Holgado, David"]
[Black "Morcillo Ferran, Jordi"]
[Result "1-0"]
[WhiteElo "2229"]
[BlackElo "2214"]
[PlyCount "125"]
[EventDate "2018.??.??"]
[WhiteTeam "GER"]
[BlackTeam "CAT"]

1. e4 c5 2. c3 d5 3. exd5 Qxd5 4. d4 Nc6 5. Nf3 e5 6. Nxe5 Nxe5 7. dxe5 Qxe5+
8. Be2 Bd7 9. O-O O-O-O 10. Nd2 Bc6 11. Bf3 Bd6 12. g3 Bxf3 13. Qxf3 Bc7 14.
Nb3 Qd5 15. Qg4+ f5 16. Qxg7 Be5 17. Qg5 Bf6 18. Qh5 Ne7 19. Be3 b6 20. Rad1
Qe4 21. Rxd8+ Rxd8 22. Rd1 Rxd1+ 23. Qxd1 Nd5 24. Bh6 Kb7 25. Nd2 Qe6 26. Qf3
Ka6 27. Qd3+ Kb7 28. Nc4 Be7 29. Ne3 Nxe3 30. Qxe3 Qd7 31. Bf4 Bf6 32. Qf3+ Ka6
33. Kg2 Qe6 34. Qd3+ Kb7 35. a3 Kc6 36. f3 Kb7 37. Kf2 Qb3 38. Qd2 Ka6 39. h4
h5 40. Bg5 Bg7 41. Qe2+ Ka5 42. Kg2 Qb5 43. Qc2 c4 44. Be7 Ka6 45. Qd2 Qe5 46.
Bd6 Qb5 47. Kh3 Be5 48. Bb4 Qc6 49. Qe2 Bc7 50. b3 Kb7 51. bxc4 Qg6 52. Qf2 a5
53. Be7 Qe6 54. Bg5 Qxc4 55. Bf6 Qd3 56. f4 Qd1 57. Bd4 Kb8 58. Kg2 Qb1 59. Qe2
Qb3 60. Qxh5 Qa2+ 61. Kh3 Qd5 62. Qd1 Qe4 63. h5 1-0

[Event "Lliga Catalana DH"]
[Site "?"]
[Date "2018.02.17"]
[Round "5.10"]
[White "Petit Montes, Marc"]
[Black "Parramon Ros, Francesc"]
[Result "0-1"]
[WhiteElo "2172"]
[BlackElo "2189"]
[PlyCount "159"]
[EventDate "2018.??.??"]
[WhiteTeam "CAT"]
[BlackTeam "GER"]

1. b3 d5 2. Bb2 Bf5 3. e3 e6 4. Nf3 h6 5. c4 Nf6 6. Nc3 c6 7. Be2 Nbd7 8. d4
Bd6 9. Rc1 O-O 10. O-O Qe7 11. h3 Rad8 12. Bd3 Bxd3 13. Qxd3 e5 14. dxe5 Nxe5
15. Nxe5 Bxe5 16. Qc2 dxc4 17. bxc4 Rd7 18. Ne2 Bxb2 19. Qxb2 Rfd8 20. Nd4 c5
21. Nb5 b6 22. Rc2 Ne4 23. Qc1 Qg5 24. Kh2 Qe5+ 25. f4 Qh5 26. Nc3 Nxc3 27.
Rxc3 Rd2 28. Rc2 Qe2 29. Rxd2 Rxd2 30. Rg1 Qxe3 31. Kh1 Qe2 32. f5 Rxa2 33. Qf4
Qd2 34. Qe5 Qd8 35. Rf1 f6 36. Qe6+ Kf8 37. Re1 Rd2 38. Qc6 Rd1 39. Rxd1 Qxd1+
40. Kh2 Qd8 41. Qb7 Qd6+ 42. Kh1 a5 43. Qa8+ Kf7 44. Qb7+ Kg8 45. Qc8+ Kh7 46.
Qe8 Qe5 47. Qd7 a4 48. Qxa4 Qxf5 49. Qb5 Qf1+ 50. Kh2 f5 51. Qb3 Qf4+ 52. Kh1
Qe4 53. Kh2 h5 54. Qd1 Qe5+ 55. Kh1 g6 56. Qd7+ Kh6 57. Qd2+ Kh7 58. Qd7+ Kg8
59. Qd8+ Kg7 60. Qxb6 Qd4 61. Qe6 h4 62. Qe7+ Kh6 63. Qe6 Kg5 64. Qe2 Kf6 65.
Qa2 g5 66. Qe2 Qe5 67. Qa2 Qe1+ 68. Kh2 Qg3+ 69. Kh1 Qe1+ 70. Kh2 Ke5 71. Qa8
Qe4 72. Qh8+ Kf4 73. Qb8+ Qe5 74. Qb1 Ke3+ 75. Kh1 Kf2 76. Qc2+ Kg3 77. Qd3+
Kf2 78. Qd2+ Qe2 79. Qd5 Qf1+ 80. Kh2 0-1

[Event "Lliga Catalana DH"]
[Site "?"]
[Date "2018.02.17"]
[Round "5.4"]
[White "Porras Mateo, Felipe"]
[Black "Alonso Garcia, Rene"]
[Result "1/2-1/2"]
[WhiteElo "2448"]
[BlackElo "2424"]
[PlyCount "60"]
[EventDate "2018.??.??"]
[WhiteTeam "SJO"]
[BlackTeam "PEC"]

1. d4 Nf6 2. c4 g6 3. g3 Bg7 4. Bg2 O-O 5. Nc3 d6 6. Nf3 Nbd7 7. O-O e5 8. e4
c6 9. h3 Qb6 10. c5 dxc5 11. dxe5 Ne8 12. e6 fxe6 13. Ng5 Ne5 14. f4 Nf7 15.
Nxf7 Bd4+ 16. Kh2 Rxf7 17. e5 Nc7 18. Ne4 Nd5 19. Qe2 a5 20. Rd1 a4 21. a3 Bd7
22. h4 Raf8 23. Bh3 Qb5 24. Qc2 Qb3 25. Qxb3 axb3 26. Nd6 b5 27. Nxf7 Kxf7 28.
Rd3 Ke7 29. Bg2 Ra8 30. Rxb3 c4 1/2-1/2

[Event "Lliga Catalana DH"]
[Site "?"]
[Date "2018.02.17"]
[Round "5.5"]
[White "Escandell Mari, Juan Carlos"]
[Black "Guerrero Sierra, Juan Carlos"]
[Result "0-1"]
[WhiteElo "2351"]
[BlackElo "2347"]
[PlyCount "68"]
[EventDate "2018.??.??"]
[WhiteTeam "PEC"]
[BlackTeam "SJO"]

1. e4 c5 2. Nf3 e6 3. d4 cxd4 4. Nxd4 a6 5. Nc3 Bb4 6. Bd3 d6 7. O-O Nf6 8. Qe2
Nbd7 9. Bd2 Bc5 10. Nb3 Ba7 11. Kh1 b5 12. a4 b4 13. Nd1 a5 14. c3 Nc5 15. Bb5+
Bd7 16. Nxc5 Bxc5 17. f3 Qb6 18. cxb4 axb4 19. Bxd7+ Nxd7 20. Ne3 O-O 21. b3
Rfc8 22. Rac1 Ra7 23. Nc4 Qa6 24. Qd3 Rc6 25. Bf4 Nf6 26. Rfd1 h6 27. Nxd6 Nh5
28. Be5 Qxd3 29. Rxd3 Rd7 30. g4 f6 31. Bg3 Nxg3+ 32. hxg3 Rcxd6 33. Rxd6 Bxd6
34. Rc8+ Kf7 0-1

[Event "Lliga Catalana DH"]
[Site "?"]
[Date "2018.02.17"]
[Round "5.8"]
[White "Fernandez Madrid, Carlos"]
[Black "Oliva Valero, Oscar"]
[Result "1-0"]
[WhiteElo "2242"]
[BlackElo "2298"]
[PlyCount "65"]
[EventDate "2018.??.??"]
[WhiteTeam "SJO"]
[BlackTeam "PEC"]

1. d4 e6 2. c4 Nf6 3. Nf3 b6 4. g3 Bb7 5. Bg2 Be7 6. O-O O-O 7. Nc3 d6 8. Qc2
c5 9. d5 Na6 10. e4 Nc7 11. Bf4 e5 12. Bd2 Nh5 13. a4 Bc8 14. a5 Rb8 15. axb6
axb6 16. Ra7 b5 17. cxb5 Nxb5 18. Nxb5 Rxb5 19. Rfa1 f5 20. exf5 Bxf5 21. Qc4
Rxb2 22. Bc3 Rb1+ 23. Rxb1 Bxb1 24. Nxe5 Bf6 25. Nd7 Re8 26. Nxf6+ Nxf6 27. Bh3
Kh8 28. Be6 Bg6 29. h3 Qb8 30. Qa2 Bb1 31. Qa1 Rf8 32. Bf7 Bg6 33. Bxf6 1-0

[Event "Lliga Catalana DH"]
[Site "?"]
[Date "2018.02.17"]
[Round "5.6"]
[White "Iglesias, Jorge"]
[Black "Bru Rullo, Llatzer"]
[Result "0-1"]
[WhiteElo "2382"]
[BlackElo "2315"]
[PlyCount "84"]
[EventDate "2018.??.??"]
[WhiteTeam "SJO"]
[BlackTeam "PEC"]

1. c4 e5 2. g3 Nf6 3. Bg2 h6 4. b3 Nc6 5. Bb2 d5 6. cxd5 Nxd5 7. Nf3 Bd6 8. O-O
O-O 9. Na3 Nb6 10. Nb5 a6 11. Nxd6 cxd6 12. d3 Re8 13. Nd2 d5 14. Rc1 Be6 15.
f4 exf4 16. gxf4 Bg4 17. Nf3 d4 18. Rxc6 bxc6 19. Ne5 Rxe5 20. fxe5 c5 21. Bxa8
Qxa8 22. Qe1 Nd5 23. Qg3 Bxe2 24. Re1 Bh5 25. Bc1 Kh7 26. Bd2 Qc6 27. Rc1 Qb5
28. Re1 Nc7 29. Rc1 Ne6 30. Rc4 Bg6 31. Qf3 Qb6 32. h4 h5 33. Kf2 Qd8 34. Qg3
Qd5 35. Ke2 Nf8 36. b4 Nd7 37. Bf4 cxb4 38. Qf2 Nc5 39. Rxd4 Qxa2+ 40. Ke1 b3
41. e6 Qxf2+ 42. Kxf2 b2 0-1

[Event "Lliga Catalana DH"]
[Site "?"]
[Date "2018.02.17"]
[Round "5.2"]
[White "Gallego Alcaraz, Andres Felipe"]
[Black "Gual Pacual, Antoni"]
[Result "1-0"]
[WhiteElo "2452"]
[BlackElo "2485"]
[PlyCount "68"]
[EventDate "2018.??.??"]
[WhiteTeam "SJO"]
[BlackTeam "PEC"]

1. d4 g6 2. c4 Bg7 3. Nf3 d6 4. e4 e5 5. Bg5 Ne7 6. Nc3 Nbc6 7. dxe5 dxe5 8.
Nd5 h6 9. Be3 Bg4 10. Bc5 Qd7 11. h3 Bxf3 12. Qxf3 Nxd5 13. cxd5 Nd4 14. Qd1 b6
15. Bxd4 exd4 16. Bd3 O-O 17. O-O c6 18. dxc6 Qxc6 19. f4 Rae8 20. Qe2 Re7 21.
Rac1 Qd7 22. h4 Rd8 23. Qf3 Kh8 24. e5 h5 25. Rc6 Re6 26. Rc2 Rc8 27. Rfc1 Rxc2
28. Rxc2 Re8 29. Qc6 Qe7 30. g3 Rg8 31. Kg2 Bh6 32. Qe4 Qd7 33. Rc6 Re8 34. Rd6
Qa4 1-0

[Event "Lliga Catalana DH"]
[Site "?"]
[Date "2018.02.17"]
[Round "5.7"]
[White "Castellet Giralt, Gabriel"]
[Black "Guiterrez Clares, Joaquim"]
[Result "1/2-1/2"]
[WhiteElo "2322"]
[BlackElo "2326"]
[PlyCount "75"]
[EventDate "2018.??.??"]
[WhiteTeam "PEC"]
[BlackTeam "SJO"]

1. d4 Nf6 2. c4 g6 3. Nc3 Bg7 4. e4 d6 5. f4 O-O 6. Nf3 Na6 7. Be2 e5 8. fxe5
dxe5 9. d5 Nc5 10. Bg5 h6 11. Bxf6 Qxf6 12. b4 Na6 13. a3 c5 14. Rb1 Qf4 15.
Qd3 h5 16. O-O Bh6 17. g3 Qe3+ 18. Kg2 f6 19. Qxe3 Bxe3 20. d6 Be6 21. Nd5 Bxd5
22. cxd5 cxb4 23. axb4 Rfd8 24. Rb3 Bh6 25. Nh4 Kg7 26. Bxa6 bxa6 27. Rc3 Rd7
28. Rc7 Rad8 29. Rf3 Bd2 30. Ra3 Kh6 31. Nf3 Bxb4 32. Rxa6 Bxd6 33. Rcxa7 Rxa7
34. Rxa7 g5 35. Ra6 Kg6 36. Kf2 Kf7 37. Ra7+ Kg6 38. Ra6 1/2-1/2

[Event "Lliga Catalana DH"]
[Site "?"]
[Date "2018.02.17"]
[Round "5.9"]
[White "Valencia Jimenez, Jose"]
[Black "Campins Machado, Francesc Miquel"]
[Result "1-0"]
[WhiteElo "2263"]
[BlackElo "2144"]
[PlyCount "85"]
[EventDate "2018.??.??"]
[WhiteTeam "PEC"]
[BlackTeam "SJO"]

1. c4 Nf6 2. Nc3 e6 3. d4 Bb4 4. e3 Bxc3+ 5. bxc3 b6 6. Bd3 Bb7 7. f3 d6 8. Ne2
O-O 9. O-O Nbd7 10. e4 c5 11. Ng3 e5 12. d5 Ne8 13. Nf5 Bc8 14. Bc2 Ndf6 15. f4
Bxf5 16. exf5 Nd7 17. Qe1 Nef6 18. Qh4 Ne8 19. Qh3 Qf6 20. g4 exf4 21. Bxf4 h6
22. Qg3 Ne5 23. g5 Qe7 24. f6 Qd7 25. fxg7 Kxg7 26. gxh6+ Kh8 27. Bxe5+ dxe5
28. Qxe5+ f6 29. Qf5 Qxf5 30. Bxf5 Nd6 31. Bd3 Nf7 32. Rxf6 Ne5 33. Rxf8+ Rxf8
34. Rd1 Rf6 35. h7 Kg7 36. Bc2 Nxc4 37. Re1 Nd6 38. Re7+ Rf7 39. Re6 Nf5 40.
Bxf5 Rxf5 41. Re7+ Kh8 42. d6 Rd5 43. d7 1-0

[Event "Lliga Catalana DH"]
[Site "?"]
[Date "2018.02.17"]
[Round "5.10"]
[White "Hapala, Elisabeth"]
[Black "Garcia Acosta, Roger"]
[Result "1/2-1/2"]
[WhiteElo "2103"]
[BlackElo "2220"]
[PlyCount "109"]
[EventDate "2018.??.??"]
[WhiteTeam "SJO"]
[BlackTeam "PEC"]

1. e4 e5 2. Nf3 Nc6 3. Bb5 a6 4. Ba4 Nf6 5. O-O Be7 6. Re1 b5 7. Bb3 O-O 8. h3
d6 9. c3 Na5 10. Bc2 c5 11. d4 Qc7 12. Nbd2 Nc6 13. d5 Nd8 14. a4 Rb8 15. axb5
axb5 16. b4 c4 17. Nf1 Ne8 18. N3h2 f6 19. Be3 g6 20. Qd2 f5 21. exf5 gxf5 22.
f4 Nf6 23. fxe5 dxe5 24. Bh6 Nf7 25. Bxf8 Bxf8 26. Nf3 Bh6 27. Qd1 Qd6 28. Ra5
Nxd5 29. Qa1 Nf4 30. Kh1 Qg6 31. Ne3 Bb7 32. Bxf5 Qg3 33. Bg4 Nxh3 34. Bxh3
Bxf3 35. gxf3 Qxh3+ 36. Kg1 Qg3+ 37. Ng2 Ng5 38. Ra8 Rf8 39. Rxf8+ Bxf8 40. Qa8
Nxf3+ 41. Kf1 Nxe1 42. Nxe1 Qxc3 43. Qd5+ Kh8 44. Qxb5 Qxb4 45. Qxe5+ Bg7 46.
Qe8+ Qf8+ 47. Qxf8+ Bxf8 48. Ke2 h5 49. Nf3 Bg7 50. Nd2 c3 51. Ne4 h4 52. Nxc3
Bxc3 53. Kf3 Kh7 54. Kg2 Kg6 55. Kh1 1/2-1/2

[Event "Lliga Catalana DH"]
[Site "?"]
[Date "2018.02.17"]
[Round "5.1"]
[White "Guerra Mendez, Jose Angel"]
[Black "Fluvia Poyatos, Joan"]
[Result "1/2-1/2"]
[WhiteElo "2544"]
[BlackElo "2538"]
[PlyCount "100"]
[EventDate "2018.??.??"]
[WhiteTeam "PEC"]
[BlackTeam "SJO"]

1. e4 c5 2. c3 Nf6 3. e5 Nd5 4. Nf3 e6 5. Bc4 d6 6. exd6 Bxd6 7. d4 Nc6 8. dxc5
Bxc5 9. O-O Be7 10. Nbd2 O-O 11. Re1 Na5 12. Bf1 b6 13. Nb3 Nxb3 14. Qxb3 Bb7
15. c4 Nf6 16. Bf4 Ne4 17. Rad1 Qe8 18. Nd2 Nxd2 19. Rxd2 Qc6 20. Red1 Rfd8 21.
Qg3 Rxd2 22. Rxd2 g6 23. Bh6 Bf8 24. Bxf8 Rxf8 25. b4 Rc8 26. b5 Qc7 27. Qg5
Kg7 28. a4 h6 29. Qe3 Rd8 30. a5 Rxd2 31. Qxd2 e5 32. a6 Bc8 33. Qd5 Kf8 34. h4
h5 35. g3 f5 36. Bg2 e4 37. Qd4 Kg8 38. Qf6 Kh7 39. Qd4 Be6 40. Bf1 Bf7 41. Kg2
Qe7 42. Be2 Qc7 43. Qf6 Kg8 44. Qd4 Kh7 45. Kf1 Kg8 46. Ke1 Qe7 47. Kd2 g5 48.
hxg5 Qxg5+ 49. Kc2 Qe7 50. Kd2 Qg5+ 1/2-1/2